UM Logo

Bioethics and moral decisions/ (Record no. 12310)

MARC details
000 -LEADER
fixed length control field 00522nam a22001577a 4500
008 - FIXED-LENGTH DATA ELEMENTS--GENERAL INFORMATION
fixed length control field 190122b ||||| |||| 00| 0 eng d
020 ## - INTERNATIONAL STANDARD BOOK NUMBER
International Standard Book Number 971-118-135-5
082 ## - DEWEY DECIMAL CLASSIFICATION NUMBER
Edition number ©1993
Classification number DFil 174.2
Item number T481
100 ## - MAIN ENTRY--PERSONAL NAME
Personal name Timbreza, Florentino T.
9 (RLIN) 6971
245 ## - TITLE STATEMENT
Title Bioethics and moral decisions/
Statement of responsibility, etc. Floretino T. Timbreza
260 ## - PUBLICATION, DISTRIBUTION, ETC. (IMPRINT)
Place of publication, distribution, etc. Manila, Philippines:
Name of publisher, distributor, etc. De La Salle University Press,
Date of publication, distribution, etc. ©1993
300 ## - PHYSICAL DESCRIPTION
Extent xvi, 235 pages;
Dimensions 22 cm
500 ## - GENERAL NOTE
General note Includes bibliographical references.
650 ## - SUBJECT ADDED ENTRY--TOPICAL TERM
Topical term or geographic name as entry element Bioethics
9 (RLIN) 34781
942 ## - ADDED ENTRY ELEMENTS (KOHA)
Source of classification or shelving scheme Dewey Decimal Classification
Koha item type Filipiniana
Holdings
Withdrawn status Lost status Source of classification or shelving scheme Damaged status Not for loan Collection code Home library Current library Date acquired Total Checkouts Full call number Barcode Date last seen Copy number Price effective from Koha item type
    Dewey Decimal Classification     Filipiniana UM Digos College - LIC UM Digos College - LIC 01/22/2019   DFil 174.2 T481 1993 15113 05/15/2025 2 01/22/2019 Filipiniana
    Dewey Decimal Classification     Filipiniana UM Digos College - LIC UM Digos College - LIC 01/22/2019   DFil 174.2 T481 1993 15076 05/15/2025 1 01/22/2019 Filipiniana